| 000 | 00714nam a2200193 4500 | ||
|---|---|---|---|
| 008 | 171212b xxu||||| |||| 00| 0 eng d | ||
| 020 | _a0026421216 | ||
| 082 |
_21994 _aDC 780 _b F82m |
||
| 100 |
_924931 _aFowler, Charles B., author. |
||
| 245 |
_aMusic! : _bits role and importance in our lives / _c Charles Fowler ; contributed by Timothy Gerber, Vincent Lawrence. |
||
| 260 |
_aNew York : _bGlencoe, _c©1994. |
||
| 300 |
_aiv, 572 pages : _bcolored illustrations ; _c27 cm. |
||
| 500 | _aIncludes index. | ||
| 650 | 0 |
_924932 _aMusic appreciation. |
|
| 650 | 0 |
_924933 _aMusic _xSocial aspects. |
|
| 700 |
_924934 _aGerber, Timothy, author. |
||
| 700 |
_924935 _aLawrence, Vincent P., author. |
||
| 942 |
_2ddc _cDC |
||
| 999 |
_c8070 _d8070 |
||